M-1グランプリ歴代優勝コンビ - Statistics

General Stats
  • This quiz has been taken 25 times
  • The average score is 18 of 21
Answer Stats
開催年 Answer % Correct
2021 錦鯉
100%
2015 トレンディエンジェル
95%
2023 令和ロマン
95%
2024 令和ロマン
95%
2025 たくろう
95%
2019 ミルクボーイ
95%
2001 中川家
95%
2022 ウエストランド
90%
2016 銀シャリ
90%
2010 笑い飯
86%
2017 とろサーモン
86%
2018 霜降り明星
86%
2007 サンドウィッチマン
86%
2020 マヂカルラブリー
81%
2008 NON STYLE
76%
2003 フットボールアワー
76%
2004 アンタッチャブル
76%
2002 ますだおかだ
71%
2009 パンクブーブー
67%
2005 ブラックマヨネーズ
67%
2006 チュートリアル
62%
No matching quizzes found
Score Distribution
Percent of People with Each Score
Percentile by Number Answered
Your Score History
You have not taken this quiz